000 00303nam a2200133Ia 4500
003 OSt
008 191201s2008 xx 000 0 und d
100 _aMINOLI, Daniel
245 0 _aWeb Commerce Technology Hand Book
260 _aN. Delhi
_bTMH
_c2008
300 _a621
650 _aMCA
942 _2ddc
_cBK
999 _c6374
_d6374